HARRISON`S PRINCIPLES OF INTERNAL MEDICINE VOL-1 (Record no. 794566)

MARC details
000 -LEADER
fixed length control field 00404pam a2200157 a 4500
020 ## - INTERNATIONAL STANDARD BOOK NUMBER
International Standard Book Number 0071391428(VOL-I)
Terms of availability
041 ## - LANGUAGE CODE
Language code of text/sound track or separate title eng
082 ## - DEWEY DECIMAL CLASSIFICATION NUMBER
Classification number 616
Item number KAS
100 ## - MAIN ENTRY--PERSONAL NAME
Personal name KASPER, D .
245 ## - TITLE STATEMENT
Title HARRISON`S PRINCIPLES OF INTERNAL MEDICINE VOL-1
Medium Textual Documents
250 ## - EDITION STATEMENT
Edition statement 16 ED /
Remainder of edition statement .
260 ## - PUBLICATION, DISTRIBUTION, ETC.
Name of publisher, distributor, etc. MCGRAW HILL
Date of publication, distribution, etc. 2005.
300 ## - PHYSICAL DESCRIPTION
Extent VI.,1307+6+I-128 : :
Accompanying material HB.
650 ## - SUBJECT ADDED ENTRY--TOPICAL TERM
Topical term or geographic name entry element GEN.MEDICINE
930 ## - EQUIVALENCE OR CROSS-REFERENCE-UNIFORM TITLE HEADING [LOCAL, CANADA]
Uniform title 26
Holdings
Withdrawn status Lost status Damaged status Not for loan Collection Home library Current library Date acquired Source of acquisition Cost, normal purchase price Total Checkouts Full call number Barcode Date due Date last seen Date last checked out Copy number Price effective from Koha item type
          Medical College & Hospital, Sangli Medical College & Hospital, Sangli 28/05/2005 2194.50 1 616 KAS MCS-0135 31/12/2050 10/11/2023 10/11/2023 6 26/07/2023 Book
          Medical College & Hospital, Sangli Medical College & Hospital, Sangli 28/05/2005 NATIONAL BOOK DEPOT. 2194.50   616 KAS MCS-0134   26/07/2023   5 26/07/2023 Book
          Medical College & Hospital, Sangli Medical College & Hospital, Sangli 28/05/2005 NATIONAL BOOK DEPOT. 2194.50   616 KAS MCS-0133   26/07/2023   4 26/07/2023 Book
          Medical College & Hospital, Sangli Medical College & Hospital, Sangli 28/05/2005 NATIONAL BOOK DEPOT. 2194.50 1 616 KAS MCS-0132 31/12/2050 10/11/2023 10/11/2023 3 26/07/2023 Book
          Medical College & Hospital, Sangli Medical College & Hospital, Sangli 28/05/2005 NATIONAL BOOK DEPOT. 2194.50 1 616 KAS MCS-0131 31/12/2050 10/11/2023 10/11/2023 2 26/07/2023 Book
          Medical College & Hospital, Sangli Medical College & Hospital, Sangli 28/05/2005 NATIONAL BOOK DEPOT. 2194.50   616 KAS MCS-0130   03/10/2025   1 26/07/2023 Book